000 01104 a2200205 4500
003 NUST
005 20230706103630.0
020 _a020101470X
040 _cNust
082 _a515.35,DER
100 _aDerrick, Willim R
_9113406
110 _aStanley I Grossman
_9113407
245 _aElementary Differential Equations With Application /
_cWillim R Derrick
260 _aLondon
_bAddison Wesely
_c1978
300 _a537 ,I-6 p.;
505 _aIntroduction (Page-2), First Order Equations (Page-20), Linear Second Order Differential Equations (Page-72), Linear Second Order Difference Equations (Page-128), Power Series Solutions Of Differential Equations (Page-160), Laplace Transforms (Page-214), Elementary Sys Of Differential Equations (Page-256), Numerical Methods (Page-338), Fourier Series And Boundary Value Problems (Page-370), Partial Differential Equations (Page-424), The Existence And Uniqueness Of Solutions (Page-470), Nonlinear Equations And Stability (Page-492).
600 _aWilliam R. Derrick
_9113408
650 _aElementary Differential
_9113409
942 _2ddc
_cBK
_k515.35,DER
999 _c181510
_d181510